Loading...
| Science - Biology | 0 | 3 | 0 | 1 | 30 | 68 | 80.33 | 0 | 1 | 5.64 | 12.22 |
| Science - Physics | 0 | 2 | 0 | 1 | 20 | 90 | 95.50 | 0 | 0 | 1.26 | 3.61 |
| Religion | 0 | 2 | 0 | 1 | 20 | 61 | 92.50 | 1 | 1 | 4.50 | 12.22 |
| Science - Chemistry | 0 | 2 | 1 | 0 | 15 | 50 | 77.00 | 0 | 1 | 5.95 | 12.22 |
| Painting/Sculpture | 0 | 1 | 0 | 0 | 10 | 79 | 79.00 | 0 | 0 | 3.07 | 3.33 |
| Pop Culture | 0 | 1 | 0 | 0 | 10 | 57 | 57.00 | 0 | 1 | 9.14 | 13.33 |
| Social Science | 0 | 1 | 0 | 1 | 10 | 105 | 105.00 | 0 | 0 | 0.00 | 4.17 |
| History - European | 0 | 1 | 0 | 0 | 10 | 42 | 42.00 | 0 | 0 | 5.58 | 2.22 |
| History - Other | 0 | 1 | 0 | 0 | 10 | 55 | 55.00 | 1 | 1 | 5.05 | 10.00 |
| Mythology | 0 | 1 | 0 | 0 | 10 | 46 | 46.00 | 0 | 1 | 6.00 | 7.50 |
| Current Events | 0 | 1 | 0 | 1 | 10 | 108 | 108.00 | 0 | 0 | 0.18 | 6.67 |
| Literature - British | 0 | 0 | 1 | 0 | -5 | 0.00 | 0 | 0 | 0.00 | 0.00 | |
| Literature - World | 0 | 0 | 1 | 0 | -5 | 0.00 | 0 | 0 | 0.00 | 0.00 | |
| Science - Other | 0 | 0 | 2 | 0 | -10 | 0.00 | 0 | 0 | 0.00 | 0.00 |